000 00745nam a2200205 a 4500
008 071001s1996 ||||||||||||||||| || u
020 _a0231104170
050 _aJC 571 Rel
100 _aBloom, Irene
245 1 0 _aReligious diversity and human rights
_cedited by Irene Bloom; J. Paul Martin; Wayne L. Proudfoot
260 _aNew York:
_bColumbia University Press
_c1996
300 _ax, 355p.
350 _a0.00
650 _aRIGHTS
650 _aHUMAN RIGHTS--RELIGOIUS ASPECTS
650 _aReligions
700 _aProudfoot, Wayne L
700 _aMartin, J. Paul
995 _D0.00
_FCBU-MAIN LIBRARY (Kitwe)
_H1
_I0.00
_M1
_UAVAILABLE
_WOct 1, 2007
_ZMain Library Open Access Collection
999 _c56027
_d56027